The great game: (Record no. 24267)

000 -LEADER
fixed length control field 00178nam a22000737a 4500
003 - CONTROL NUMBER IDENTIFIER
control field Nust
005 - DATE AND TIME OF LATEST TRANSACTION
control field 20170529123012.0
008 - FIXED-LENGTH DATA ELEMENTS--GENERAL INFORMATION
fixed length control field 140515b xxu||||| |||| 00| 0 eng d
020 ## - INTERNATIONAL STANDARD BOOK NUMBER
Terms of availability Available
International Standard Book Number 0-19-282799-5
040 ## - CATALOGING SOURCE
Original cataloging agency DLC
Language of cataloging DLC
Transcribing agency RCMS
082 ## - DEWEY DECIMAL CLASSIFICATION NUMBER
Edition number [New ed.]
Classification number 950.3 HOP
100 ## - MAIN ENTRY--PERSONAL NAME
Personal name Hopkirk, Peter
9 (RLIN) 1507
245 ## - TITLE STATEMENT
Title The great game:
Statement of responsibility, etc. Peter Hopkirk
Remainder of title on secret service in high Asia
250 ## - EDITION STATEMENT
Edition statement [New ed.]
260 ## - PUBLICATION, DISTRIBUTION, ETC.
Place of publication, distribution, etc. New Yourk
Name of publisher, distributor, etc. Oxford University Press,
Date of publication, distribution, etc. c1991
300 ## - PHYSICAL DESCRIPTION
Extent xiv, 562 p. :
Other physical details ill., maps, ports. ;
Dimensions 22,cm.
500 ## - GENERAL NOTE
General note Originally published: London : John Murray, 1990.
538 ## - SYSTEM DETAILS NOTE
Display text Shelf # 13, Row # 4, Fiction.
610 ## - SUBJECT ADDED ENTRY--CORPORATE NAME
Geographic subdivision Asia
9 (RLIN) 1508
650 ## - SUBJECT ADDED ENTRY--TOPICAL TERM
Topical term or geographic name entry element England och Ryssland
9 (RLIN) 1509
651 ## - SUBJECT ADDED ENTRY--GEOGRAPHIC NAME
Geographic name Foreign relations
Chronological subdivision 19th century.
9 (RLIN) 1510
856 ## - ELECTRONIC LOCATION AND ACCESS
Materials specified Table of Content Only
942 ## - ADDED ENTRY ELEMENTS (KOHA)
Source of classification or shelving scheme
Koha item type Fiction
Holdings
Withdrawn status Lost status Source of classification or shelving scheme Damaged status Not for loan Permanent Location Current Location Shelving location Date acquired Barcode Date last seen Price effective from Koha item type
          Central Library (CL) Central Library (CL) Chinese Studies 05/15/2014 RCMS001058 05/15/2014 05/15/2014 Book
© 2023 Central Library, National University of Sciences and Technology. All Rights Reserved.